| 000 | 01666nam a2200481 i 4500 | ||
|---|---|---|---|
| 001 | 47027 | ||
| 003 | KOSZ 005 | ||
| 005 | 20250408062843.0 | ||
| 008 | 020718s1978 pl f 001 0 pol | ||
| 015 | _aPB 1978/6830 | ||
| 035 | _a991018924799705066 | ||
| 035 | _a(PL-WaBN)b15127576-48omnis_nlop | ||
| 035 | _ab15127576 | ||
| 035 | _a(OCoLC)830323409 | ||
| 035 | _a(PL)b0000001512757 | ||
| 035 | _a(EXLNZ-48OMNIS_NETWORK)9910455410605606 | ||
| 040 |
_aWA N _cWA N _dKOSZ 005/KK |
||
| 041 | 1 |
_apol _hrus |
|
| 046 | _k1978 | ||
| 080 | _a53 | ||
| 100 | 1 |
_aLandau, Lew _d(1908-1968). _eAutor |
|
| 245 | 1 | 0 |
_aKrótki kurs fizyki teoretycznej. _nT. 2, _pMechanika kwantowa / _cL. D. Landau i E. M. Lifszyc ; [tłumaczenie z rosyjskiego Jędrzej Jędrzejewski]. |
| 246 | 1 |
_iTytuł oryginału: _aKvantovaja mechanika |
|
| 250 | _aWydanie 2 poprawione | ||
| 260 |
_aWarszawa : _bPaństwowe Wydaw. Naukowe, _c1978. |
||
| 300 |
_a348, [3] strony ; _c21 cm. |
||
| 336 |
_2rdacontent _aTekst _btxt |
||
| 337 |
_2rdamedia _aBez urządzenia pośredniczącego _bn |
||
| 338 |
_2rdacarrier _aWolumin _bnc |
||
| 380 | _aKsiążki | ||
| 388 | _a1901-2000 | ||
| 504 | _aIndeks. | ||
| 650 | 7 |
_aMechanika _2DBN |
|
| 650 | 7 |
_aMechanika kwantowa _2DBN |
|
| 650 | 7 |
_aPole elektromagnetyczne _2DBN |
|
| 658 | _aInżynieria i technika | ||
| 658 | _aFizyka i astronomia | ||
| 700 | 1 |
_aJędrzejewski, Jędrzej _eTłumaczenie |
|
| 700 | 1 |
_aLifszyc, Jewgienij _d(1915-1985) |
|
| 856 |
_uhttp://koha.tu.koszalin.pl/cgi-bin/koha/opac-detail.pl?biblionumber=47027 _yKatalog online BPK |
||
| 942 |
_2UKD _cKS |
||
| 999 |
_c47027 _d47027 |
||